000 01192nam0a22002651 4500
001 rc\3197254
005 20120628151418.0
021 _aRU
_b76-85927
035 _a(NLR Aleph) 007343516
090 _a6134196
_c6134196
100 _a20120628d1976 |||y0rusy50 ca
101 0 _arus
102 _aRU
105 _ay z |||||
200 1 _aМетодические рекомендации для преподавателей теоретического обучения по важнейшим темам литейного производства
_fМ-во хим. и нефт. машиностроения СССР. Упр. орг. труда, заработной платы и рабочих кадров. Учеб.-метод. каб. по проф.-техн. образованию рабочих на пр-ве
210 _aМосква
_cБ. и.
_d1976
215 _a[1], 43 с.
_d20
300 _aНа обороте тит. л. сост.: Мицмахер К.М., инж.
320 _aБиблиогр.: с. 42
702 1 _aМицмахер
_bК. М.
_4220
801 0 _aRU
_bNLR
_gpsbo
801 1 _aRU
_bELAR
_2rusmarc
852 _aNLR
_j77-4/22229
942 _cBOOK
980 _aNB